Allá lejos / (Record no. 183198)

MARC details
000 -LEADER
campo de control de longitud fija 00845nam a2200241 i 4500
001 - NÚMERO DE CONTROL
campo de control 183198
003 - IDENTIFICADOR DE NÚMERO DE CONTROL
campo de control ES-MaACL
005 - FECHA Y HORA DE LA ÚLTIMA TRANSACCIÓN
campo de control 20250824204724.0
008 - DATOS DE LONGITUD FIJA--INFORMACIÓN GENERAL
campo de control de longitud fija 140129s1986 sp |||| | spa d
020 ## - NÚMERO INTERNACIONAL ESTÁNDAR DEL LIBRO
Número Internacional Estándar del Libro 84-02-10671-4
080 ## - NÚMERO DE LA CLASIFICACIÓN DECIMAL UNIVERSAL
Número de la Clasificación Decimal Universal 821.133.1-31"18"
100 1# - ENTRADA PRINCIPAL--NOMBRE DE PERSONA
Nombre de persona Huysmans, Joris-Karl,
Fechas asociadas al nombre 1848-1907
9 (RLIN) 64869
245 10 - MENCIÓN DEL TÍTULO
Título Allá lejos /
Mención de responsabilidad, etc. Joris-Karl Huysmans ; [traducción, Germán Gómez de la Mata ; prólogo de Luis Antonio de Villena].
250 ## - MENCION DE EDICION
Mención de edición [1ª ed.].
260 ## - PUBLICACIÓN, DISTRIBUCIÓN, ETC.
Lugar de publicación, distribución, etc. Barcelona :
Nombre del editor, distribuidor, etc. Bruguera,
Fecha de publicación, distribución, etc. 1986.
300 ## - DESCRIPCIÓN FÍSICA
Extensión 375 p. ;
Dimensiones 18 cm.
490 1# - MENCIÓN DE SERIE
Mención de serie Libro amigo ;
Designación de volumen o secuencia 1112
700 0# - ENTRADA AGREGADA--NOMBRE PERSONAL
Nombre de persona Gómez de la Mata, Germán.
9 (RLIN) 57896
700 1# - ENTRADA AGREGADA--NOMBRE PERSONAL
Nombre de persona Villena, Luis Antonio de,
Fechas asociadas al nombre 1951-
9 (RLIN) 240059
830 00 - PUNTO DE ACCESO ADICIONAL DE SERIE-TÍTULO UNIFORME
Título uniforme Libro amigo (Bruguera)
Designación de volumen o secuencia 1112
9 (RLIN) 220624
852 ## - LOCALIZACIÓN
Ubicación ES-MaACL
Número de control de estantería L-30008
Nota libre .- Donat. Miguel A. Velasco
Holdings
Estatus retirado Estado de pérdida Estado de daño No para préstamo Biblioteca de origen Biblioteca actual Ubicación en estantería Fecha de adquisición Fuente de adquisición Total de préstamos Signatura topográfica completa Código de barras Visto por última vez Precio de reemplazo Tipo de ítem Koha
        Biblioteca del Ateneo de Madrid Biblioteca del Ateneo de Madrid Depósito 2 29/01/2014     L-30008 1192543 23/02/2023 23/02/2023 Libro impreso